MLB Players Nicknames - Statistics

General Stats
  • This quiz has been taken 67 times
  • The average score is 7 of 16
Answer Stats
Hint Answer % Correct
Polar Bear Pete Alonso
88%
Sho Time Shohei Ohtani
84%
King Felix Felix Hernandez
78%
Thor Noah Syndergaard
75%
All Rise Aaron Judge
72%
The Cuban Missile Aroldis Chapman
72%
El Nino Fernando Tatis Jr
66%
Mr. Smile Francisco Lindor
63%
El Mago Javy Baez
63%
Cookie Carlos Carrasco
22%
The Machine Albert Pujols
19%
La Tortuga Willians Astudillo
16%
El Oso Marcell Ozuna
13%
Bam Bam Bryce Harper
9%
The Nightmare Felipe Vasquez
9%
The Cuban Rocket Randy Arozarena
0%
No matching quizzes found
Score Distribution
Percent of People with Each Score
Percentile by Number Answered
Your Score History
You have not taken this quiz